Botany for gardeners / (Record no. 20789)

000 -LEADER
fixed length control field 00523cam a22001934a 4500
020 ## - INTERNATIONAL STANDARD BOOK NUMBER
ISBN 9781604690958
020 ## - INTERNATIONAL STANDARD BOOK NUMBER
ISBN 160469095X
040 ## - CATALOGING SOURCE
Transcribing agency DLC
082 00 - DEWEY DECIMAL CLASSIFICATION NUMBER
Classification number 580 BRI 2010 A035 Or.
100 1# - MAIN ENTRY--AUTHOR NAME
Personal name Capon, Brian.
245 10 - TITLE STATEMENT
Title Botany for gardeners /
250 ## - EDITION STATEMENT
Edition statement 3rd ed.
260 ## - PUBLICATION, DISTRIBUTION, ETC. (IMPRINT)
Place of publication Portland, Or. :
Name of publisher Timber Press,
Year of publication 2010.
300 ## - PHYSICAL DESCRIPTION
Number of Pages 268 p. :
Other physical details ill. (some col.) ;
Dimensions 23 cm.
650 #0 - SUBJECT ADDED ENTRY--TOPICAL TERM
Topical Term Botany.
650 #0 - SUBJECT ADDED ENTRY--TOPICAL TERM
Topical Term Gardening.
856 42 - ELECTRONIC LOCATION AND ACCESS
Uniform Resource Identifier http://www.loc.gov/catdir/enhancements/fy1105/2009051602-d.html
942 ## - ADDED ENTRY ELEMENTS (KOHA)
Koha item type ADB
952 ## - LOCATION AND ITEM INFORMATION (KOHA)
Withdrawn status [LOCAL, KOHA] 0
Holdings
Permanent Location Date acquired Koha item type Lost status Shelving location Barcode Current Location Full call number
Library Block A2022-11-30ADB A035a069823Library Block A580 BRI 2010 A035 Or.
មជ្ឈមណ្ឌលឯការនៃសាកលវិទ្យាល័យភូមិន្ទកសិកម្មចំការដូង

Powered by Koha